Fr. Conceicao Rodrigues College of Engineering

Customer Relationship Management (Record no. 29693)

MARC details
000 -LEADER
fixed length control field 00353nam a2200169Ia 4500
082 ## - DEWEY DECIMAL CLASSIFICATION NUMBER
Classification number 658.812
Item number PEE
100 ## - MAIN ENTRY--PERSONAL NAME
Personal name Peelen/Ed
245 ## - TITLE STATEMENT
Title Customer Relationship Management
260 ## - PUBLICATION, DISTRIBUTION, ETC.
Name of publisher, distributor, etc. Pearson Education
Date of publication, distribution, etc. 2005
366 ## - TRADE AVAILABILITY INFORMATION
Publishers's discount category 25
300 ## - PHYSICAL DESCRIPTION
Extent 433
546 ## - LANGUAGE NOTE
Language note ENGLISH
-- electronics
650 ## - SUBJECT ADDED ENTRY--TOPICAL TERM
Topical term or geographic name entry element CRM
654 ## - SUBJECT ADDED ENTRY--FACETED TOPICAL TERMS
Focus term CRM
942 ## - ADDED ENTRY ELEMENTS (KOHA)
Koha item type BOOK
Holdings
Withdrawn status Lost status Damaged status Not for loan Collection Home library Current library Date acquired Source of acquisition Cost, normal purchase price Inventory number Total Checkouts Full call number Barcode Date last seen Cost, replacement price Price effective from Koha item type
        CRC Fr. Agnel's C.Rodrigues College of Engineering Fr. Agnel's C.Rodrigues College of Engineering 17/03/2023 Allied Publishers 273.75 3491 dt 01/02/2011   658.812 PEE 21288 17/03/2023 365.00   BOOK
        CRC Fr. Agnel's C.Rodrigues College of Engineering Fr. Agnel's C.Rodrigues College of Engineering 17/03/2023 Allied Publishers 273.75 3491 dt 01/02/2011   658.812 PEE 21289 17/03/2023 365.00   BOOK